Statistics for Countries of the world by capital (Very hard)

Click here to take the quiz!

General Stats

  • This quiz has been taken 40 times
    (5 since last reset)
  • The average score is 62 of 295

Answer Stats

CapitalCountry% Correct
MonacoMonaco
75%
TiranaAlbania
50%
Saint John'sAntigua and Barbuda
50%
DhakaBangladesh
50%
BridgetownBarbados
50%
BrusselsBelgium
50%
OuagadougouBurkina Faso
50%
BogotáColombia
50%
MoroniComoros
50%
PragueCzech Republic
50%
CopenhagenDenmark
50%
QuitoEcuador
50%
San SalvadorEl Salvador
50%
ParisFrance
50%
TbilisiGeorgia
50%
BerlinGermany
50%
AccraGhana
50%
GeorgetownGuyana
50%
Yamoussoukro/AbidjanIvory Coast
50%
RigaLatvia
50%
BeirutLebanon
50%
TripoliLibya
50%
PyongyangNorth Korea
50%
MuscatOman
50%
IslamabadPakistan
50%
NgerulmudPalau
50%
LimaPeru
50%
LisbonPortugal
50%
BrazzavilleRepublic of the Congo
50%
CastriesSaint Lucia
50%
ApiaSamoa
50%
BernSwitzerland
50%
TaipeiTaiwan
50%
KabulAfghanistan
25%
AlgiersAlgeria
25%
Andorra la VellaAndorra
25%
LuandaAngola
25%
Buenos AiresArgentina
25%
YerevanArmenia
25%
OranjestadAruba
25%
CanberraAustralia
25%
ViennaAustria
25%
BakuAzerbaijan
25%
NassauBahamas
25%
ManamaBahrain
25%
Saint Peter PortBailiwick of Guernsey
25%
Saint HelierBailiwick of Jersey
25%
MunichBavaria
25%
MinskBelarus
25%
BelmopanBelize
25%
Porto-NovoBenin
25%
ThimphuBhutan
25%
La Paz / SucreBolivia
25%
SarajevoBosnia and Herzegovina
25%
GaboroneBotswana
25%
BrasíliaBrazil
25%
Road TownBritish Virgin Islands
25%
Bandar Seri BegawanBrunei
25%
SofiaBulgaria
25%
GitegaBurundi
25%
Phnom PenhCambodia
25%
YaoundéCameroon
25%
OttawaCanada
25%
PraiaCape Verde
25%
BarcelonaCatalonia
25%
BanguiCentral African Republic
25%
N'DjamenaChad
25%
SantiagoChile
25%
BeijingChina
25%
San JoséCosta Rica
25%
ZagrebCroatia
25%
HavanaCuba
25%
WillemstadCuraçao
25%
NicosiaCyprus
25%
KinshasaDemocratic Republic of the Congo
25%
DjiboutiDjibouti
25%
RoseauDominica
25%
Santo DomingoDominican Republic
25%
CairoEgypt
25%
MalaboEquatorial Guinea
25%
AsmaraEritrea
25%
TallinnEstonia
25%
MbabaneEswatini
25%
Addis AbabaEthiopia
25%
StanleyFalkland Islands
25%
PalikirFederated States of Micronesia
25%
SuvaFiji
25%
HelsinkiFinland
25%
LibrevilleGabon
25%
AthensGreece
25%
NuukGreenland
25%
Saint George'sGrenada
25%
Guatemala CityGuatemala
25%
ConakryGuinea
25%
BissauGuinea-Bissau
25%
Port-au-PrinceHaiti
25%
TegucigalpaHonduras
25%
Hong KongHong Kong
25%
BudapestHungary
25%
ReykjavíkIceland
25%
New DelhiIndia
25%
JakartaIndonesia
25%
TehranIran
25%
BaghdadIraq
25%
DublinIreland
25%
DouglasIsle of Man
25%
RomeItaly
25%
KingstonJamaica
25%
TokyoJapan
25%
AmmanJordan
25%
AstanaKazakhstan
25%
NairobiKenya
25%
Bairiki / South TarawaKiribati
25%
PristinaKosovo
25%
Kuwait CityKuwait
25%
BishkekKyrgyzstan
25%
VientianeLaos
25%
MaseruLesotho
25%
MonroviaLiberia
25%
VaduzLiechtenstein
25%
VilniusLithuania
25%
LuxembourgLuxembourg
25%
MacaoMacao
25%
AntananarivoMadagascar
25%
LilongweMalawi
25%
Kuala LumpurMalaysia
25%
MaléMaldives
25%
VallettaMalta
25%
NouakchottMauritania
25%
Port LouisMauritius
25%
Mexico CityMexico
25%
ChișinăuMoldova
25%
UlaanbaatarMongolia
25%
PodgoricaMontenegro
25%
RabatMorocco
25%
MaputoMozambique
25%
NaypyidawMyanmar
25%
YarenNauru
25%
KathmanduNepal
25%
AmsterdamNetherlands
25%
WellingtonNew Zealand
25%
ManaguaNicaragua
25%
NiameyNiger
25%
AbujaNigeria
25%
BelfastNorthern Ireland
25%
SkopjeNorth Macedonia
25%
OsloNorway
25%
RamallahPalestine
25%
Panama CityPanama
25%
Port MoresbyPapua New Guinea
25%
AsunciónParaguay
25%
ManilaPhilippines
25%
WarsawPoland
25%
San JuanPuerto Rico
25%
DohaQatar
25%
BucharestRomania
25%
MoscowRussia
25%
KigaliRwanda
25%
BasseterreSaint Kitts and Nevis
25%
MarigotSaint Martin
25%
San MarinoSan Marino
25%
CagliariSardinia
25%
RiyadhSaudi Arabia
25%
EdinburghScotland
25%
DakarSenegal
25%
BelgradeSerbia
25%
VictoriaSeychelles
25%
PalermoSicily
25%
FreetownSierra Leone
25%
SingaporeSingapore
25%
PhilipsburgSint Maarten
25%
BratislavaSlovakia
25%
LjubljanaSlovenia
25%
HoniaraSolomon Islands
25%
MogadishuSomalia
25%
Bloemfontein/Cape Town/PretoriaSouth Africa
25%
SeoulSouth Korea
25%
JubaSouth Sudan
25%
MadridSpain
25%
Sri Jayawardenepura KotteSri Lanka
25%
KhartoumSudan
25%
ParamariboSuriname
25%
StockholmSweden
25%
DamascusSyria
25%
DushanbeTajikistan
25%
DodomaTanzania
25%
BangkokThailand
25%
BanjulThe Gambia
25%
DiliTimor-Leste
25%
LoméTogo
25%
NukuʻalofaTonga
25%
Port of SpainTrinidad and Tobago
25%
TunisTunisia
25%
AnkaraTurkey
25%
AshgabatTurkmenistan
25%
Vaiaku / FunafutiTuvalu
25%
KampalaUganda
25%
KyivUkraine
25%
Abu DhabiUnited Arab Emirates
25%
LondonUnited Kingdom
25%
WashingtonUnited States
25%
MontevideoUruguay
25%
Charlotte AmalieU.S. Virgin Islands
25%
TashkentUzbekistan
25%
Port VilaVanuatu
25%
Vatican CityVatican City
25%
CaracasVenezuela
25%
HanoiVietnam
25%
CardiffWales
25%
SanaaYemen
25%
LusakaZambia
25%
HarareZimbabwe
25%
SukhumiAbkhazia
0%
BatumiAdjara
0%
MaykopAdygea
0%
MariehamnÅland
0%
Gorno-AltayskAltai
0%
Pago Pago / FagatogoAmerican Samoa
0%
The ValleyAnguilla
0%
AostaAosta Valley
0%
GeorgetownAscension
0%
UfaBashkortostan
0%
Vitoria-GasteizBasque Country
0%
HamiltonBermuda
0%
KralendijkBonaire
0%
Diego GarciaBritish Indian Ocean Territory
0%
Ulan-UdeBuryatia
0%
George TownCayman Islands
0%
GroznyChechnya
0%
Flying Fish CoveChristmas Island
0%
CheboksaryChuvashia
0%
West IslandCocos (Keeling) Islands
0%
AvaruaCook Islands
0%
MakhachkalaDagestan
0%
Hanga RoaEaster Island
0%
TórshavnFaroe Islands
0%
CayenneFrench Guiana
0%
PapeeteFrench Polynesia
0%
Saint PierreFrench Southern and Antarctic Lands
0%
TriesteFriuli Venezia Giulia
0%
ComratGagauzia
0%
GibraltarGibraltar
0%
KhorogGorno-Badakhshan
0%
Basse-TerreGuadeloupe
0%
HagåtñaGuam
0%
MagasIngushetia
0%
JerusalemIsrael
0%
NalchikKabardino-Balkaria
0%
ElistaKalmykia
0%
CherkesskKarachay-Cherkessia
0%
NukusKarakalpakstan
0%
PetrozavodskKarelia
0%
AbakanKhakassia
0%
SyktyvkarKomi
0%
Erbil / KirkukKurdistan
0%
BamakoMali
0%
Yoshkar-OlaMari El
0%
Delap / MajuroMarshall Islands
0%
Fort-de-FranceMartinique
0%
MamoudzouMayotte
0%
Brades / PlymouthMontserrat
0%
SaranskMordovia
0%
WindhoekNamibia
0%
NouméaNew Caledonia
0%
AlofiNiue
0%
KingstonNorfolk Island
0%
Capitol Hill / SaipanNorthern Mariana Islands
0%
VladikavkazNorth Ossetia–Alania
0%
ToulouseOccitania
0%
AdamstownPitcairn Islands
0%
Saint DenisRéunion
0%
The BottomSaba
0%
El AaiúnSahrawi Arab Democratic Republic
0%
GustaviaSaint Barthelemy
0%
JamestownSaint Helena
0%
Saint-PierreSaint Pierre and Miquelon
0%
KingstownSaint Vincent and the Grenadines
0%
YakutskSakha (Yakutia)
0%
São ToméSão Tomé and Príncipe
0%
HargeisaSomaliland
0%
TskhinvaliSouth Ossetia
0%
LongyearbyenSvalbard
0%
KazanTatarstan
0%
LhasaTibet Autonomous Region
0%
AtafuTokelau
0%
TiraspolTransnistria
0%
TrentoTrentino-Alto Adige/Südtirol
0%
Edinburgh of the Seven SeasTristan da Cunha
0%
Grand Turk / Cockburn TownTurks and Caicos Islands
0%
KyzylTuva
0%
IzhevskUdmurtia
0%
Novi SadVojvodina
0%
Mata-UtuWallis and Futuna
0%
Ürümqi / DihuaXinjiang
0%
ZanzibarZanzibar
0%

Score Distribution

Percentile by Number Answered

Percent of People with Each Score

Your Score History

You have not taken this quiz since the last reset